[Event "Cto Aragon Equipos 2016 D Honor Gr II"]
[Site "Aragon"]
[Date "2016.02.20"]
[Round "4.8"]
[White "Gella Bitrian, Diego"]
[Black "Marin Tolosa, Guillermo"]
[Result "1-0"]
[WhiteElo "2020"]
[BlackElo "1896"]
[PlyCount "83"]
[EventDate "2016.??.??"]
[WhiteTeam "Atl. Huesca"]
[BlackTeam "Teruel"]

1. e4 c6 2. d4 d5 3. exd5 cxd5 4. c4 Nf6 5. Nc3 e6 6. Nf3 Bb4 7. Qc2 Nc6 8.
cxd5 Nxd5 9. Be2 Ba5 10. O-O Ncb4 11. Qe4 Bd7 12. Bg5 Qb8 13. Ne5 Bc6 14. Nxc6
Nxc3 15. bxc3 Nxc6 16. d5 Qe5 17. Qxe5 Nxe5 18. Bb5+ Kf8 19. dxe6 fxe6 20. Rac1
a6 21. Be2 Rc8 22. c4 Kf7 23. f4 Bb6+ 24. Kh1 Nd7 25. Rfd1 Nf6 26. Rb1 Bd8 27.
Rxb7+ Rc7 28. Rb8 Ne4 29. Rdxd8 Rxd8 30. Bxd8 Rd7 31. Ba5 Nc5 32. Kg1 Kg6 33.
Kf2 Rf7 34. Ke3 Rd7 35. g4 h6 36. h4 Kf7 37. Rc8 Nb7 38. Bb4 a5 39. Ba3 h5 40.
Rf8+ Kg6 41. Bd3+ Rxd3+ 42. Kxd3 1-0

[Event "Cto Aragon Equipos 2016 D Honor Gr II"]
[Site "Aragon"]
[Date "2016.02.20"]
[Round "4.9"]
[White "Adla, Diego"]
[Black "Gavin Roche, Enrique"]
[Result "1/2-1/2"]
[WhiteElo "2410"]
[BlackElo "2242"]
[PlyCount "57"]
[EventDate "2016.??.??"]
[WhiteTeam "St. Casablanca A"]
[BlackTeam "ONCE C.A. Aragon"]

1. d4 d5 2. c4 e6 3. Nc3 Nf6 4. cxd5 exd5 5. Bg5 c6 6. e3 Be7 7. Qc2 Nbd7 8.
Bd3 Nh5 9. Bxe7 Qxe7 10. O-O-O Nb6 11. Kb1 g6 12. Nge2 Be6 13. Ka1 O-O-O 14.
Rb1 Kb8 15. b4 Rc8 16. Nc1 Ng7 17. f3 Nf5 18. Qf2 Rhd8 19. Re1 h5 20. Bf1 Qf6
21. Nb3 Nd6 22. Nc5 Nbc4 23. Rbd1 b6 24. Nxe6 fxe6 25. e4 Nb5 26. Nb1 dxe4 27.
Bxc4 Nxd4 28. Rxd4 Rxd4 29. Qb2 1/2-1/2

[Event "Cto Aragon Equipos 2016 D Honor Gr II"]
[Site "Aragon"]
[Date "2016.02.20"]
[Round "4.10"]
[White "Laliena Solanes, Luis"]
[Black "Glavina, Pablo"]
[Result "0-1"]
[WhiteElo "2219"]
[BlackElo "2382"]
[PlyCount "111"]
[EventDate "2016.??.??"]
[WhiteTeam "ONCE C.A. Aragon"]
[BlackTeam "St. Casablanca A"]

1. e4 e5 2. Nf3 Nc6 3. Nc3 Nf6 4. Bb5 Nd4 5. O-O Nxb5 6. Nxb5 c6 7. Nc3 d6 8.
d4 Qc7 9. h3 Be7 10. a4 a5 11. b3 O-O 12. Bb2 Re8 13. Re1 Bd7 14. Qd3 Rad8 15.
Qc4 Be6 16. d5 Bc8 17. Ba3 Qb6 18. b4 cxd5 19. exd5 Bf5 20. bxa5 Qxa5 21. Bb4
Qa6 22. Qb3 Rc8 23. Nd2 Bg6 24. Rac1 Nd7 25. Nb5 Nc5 26. Qa3 Red8 27. Nc4 Bf8
28. Ba5 b6 29. Bxb6 Nxa4 30. Ra1 Qxb5 31. Qxa4 Qxa4 32. Rxa4 Bxc2 33. Ra7 Re8
34. Bc7 Re7 35. Ne3 Rexc7 36. Rxc7 Rxc7 37. Rc1 f5 38. Rxc2 Rxc2 39. Nxc2 Kf7
40. Kf1 Kf6 41. Nb4 g6 42. Ke2 Bh6 43. Nc6 Bc1 44. f3 Ba3 45. g4 Kg5 46. Kf2
Kf4 47. Nd8 e4 48. Ne6+ Ke5 49. fxe4 fxe4 50. Nf8 Kxd5 51. Nxh7 Ke5 52. h4 d5
53. g5 Be7 54. Ke2 d4 55. h5 Kf5 56. h6 {Tiempo} 0-1

[Event "Cto Aragon Equipos 2016 D Honor Gr II"]
[Site "Aragon"]
[Date "2016.02.20"]
[Round "4.11"]
[White "Lopez Gracia, Fernando"]
[Black "Ferrer Echavarri, Fco Javier"]
[Result "1-0"]
[WhiteElo "2346"]
[BlackElo "1951"]
[PlyCount "65"]
[EventDate "2016.??.??"]
[WhiteTeam "St. Casablanca A"]
[BlackTeam "ONCE C.A. Aragon"]

1. d4 Nf6 2. c4 e6 3. Nc3 Bb4 4. a3 Bxc3+ 5. bxc3 b6 6. f3 Ba6 7. e4 Nc6 8. Bd3
Na5 9. Qe2 d6 10. Nh3 h6 11. O-O Qd7 12. Rb1 O-O-O 13. c5 Bxd3 14. Qxd3 Qc6 15.
Qa6+ Qb7 16. Qe2 dxc5 17. dxc5 Nd7 18. Be3 f6 19. Nf4 Rhe8 20. Rb4 Ne5 21. Rfb1
g5 22. Nh5 Nd3 23. Rd4 Ne5 24. Nxf6 Rf8 25. Nh5 Qc6 26. cxb6 axb6 27. Qa6+ Qb7
28. Qb5 Rxd4 29. cxd4 Nec4 30. Bf2 Nxa3 31. Qb4 Rxf3 32. gxf3 Nxb1 33. Qf8+ 1-0

[Event "Cto Aragon Equipos 2016 D Honor Gr II"]
[Site "Aragon"]
[Date "2016.02.20"]
[Round "4.12"]
[White "Landa Garriga, Francisco Javie"]
[Black "Goni Navarro, Pablo"]
[Result "0-1"]
[WhiteElo "1846"]
[BlackElo "2060"]
[PlyCount "58"]
[EventDate "2016.??.??"]
[WhiteTeam "ONCE C.A. Aragon"]
[BlackTeam "St. Casablanca A"]

1. e4 c5 2. d4 cxd4 3. c3 dxc3 4. Nxc3 Nc6 5. Nf3 e6 6. Bc4 a6 7. Qe2 Nge7 8.
O-O Ng6 9. Rd1 Be7 10. a4 O-O 11. e5 Qc7 12. Re1 Ncxe5 13. Nxe5 Nxe5 14. Bxe6
fxe6 15. Qxe5 Bd6 16. Qh5 b6 17. Ne4 Rf5 18. Qh4 Be5 19. Ng3 Bf6 20. Qb4 Rd5
21. Be3 b5 22. Rac1 Qd8 23. a5 Bb7 24. Bb6 Qe8 25. b3 Qf7 26. Qg4 Rf8 27. Ne4
Be7 28. f3 Bc6 29. Nc5 Rg5 0-1

[Event "Cto Aragon Equipos 2016 D Honor Gr II"]
[Site "Aragon"]
[Date "2016.02.20"]
[Round "4.13"]
[White "Garza Marco, Sergio"]
[Black "Llanes Luno, Ricardo"]
[Result "1/2-1/2"]
[WhiteElo "2398"]
[BlackElo "2170"]
[PlyCount "113"]
[EventDate "2016.??.??"]
[WhiteTeam "Helios"]
[BlackTeam "Delicias"]

1. f4 g6 2. Nf3 Bg7 3. g3 b6 4. Bg2 Bb7 5. O-O Nf6 6. d3 O-O 7. e4 c5 8. c3 d6
9. h3 Nbd7 10. g4 c4 11. e5 dxe5 12. fxe5 Nxe5 13. Nxe5 Bxg2 14. Kxg2 Qd5+ 15.
Nf3 cxd3 16. Re1 Rfe8 17. Re5 Qd6 18. Re3 Rad8 19. Na3 e5 20. Nc4 Qc7 21. Ncxe5
d2 22. Bxd2 Nd5 23. Re4 Bxe5 24. Qe2 f6 25. Re1 Qc6 26. c4 Nc7 27. Nxe5 Rxe5
28. Bc3 Re6 29. Qf3 Kf7 30. R1e3 Rde8 31. Rf4 R8e7 32. Bxf6 Qxf3+ 33. Rexf3
Re2+ 34. Kg3 Rd7 35. Bc3+ Ke7 36. Rf8 Ne6 37. R8f7+ Kd8 38. Rxd7+ Kxd7 39. Rf7+
Kc6 40. Rxh7 g5 41. h4 Re3+ 42. Kf2 Re4 43. Kf3 Rxc4 44. h5 Rf4+ 45. Kg3 Nc5
46. Rg7 Ne4+ 47. Kh3 Rf3+ 48. Kh2 Rf2+ 49. Kh1 Rf1+ 50. Kh2 Rf2+ 51. Kg1 Rf4
52. h6 Rxg4+ 53. Kf1 Nxc3 54. bxc3 a5 55. Rg6+ Kb7 56. Kf2 Rh4 57. Rg7+ 1/2-1/2

[Event "Cto Aragon Equipos 2016 D Honor Gr II"]
[Site "Aragon"]
[Date "2016.02.20"]
[Round "4.14"]
[White "Roche Simon, Manuel Angel"]
[Black "Guzman Moneo, Alberto"]
[Result "0-1"]
[WhiteElo "2143"]
[BlackElo "2211"]
[PlyCount "104"]
[EventDate "2016.??.??"]
[WhiteTeam "Delicias"]
[BlackTeam "Helios"]

1. e4 e5 2. Nf3 Nc6 3. Bb5 a6 4. Ba4 Nf6 5. O-O b5 6. Bb3 Bb7 7. Re1 Bc5 8. c3
d6 9. d4 Bb6 10. Be3 O-O 11. Nbd2 Re8 12. d5 Ne7 13. Bxb6 cxb6 14. Bc2 Ng6 15.
Bd3 Nf4 16. Bf1 Bc8 17. h3 Rf8 18. Kh2 Nd7 19. g3 Ng6 20. b4 Ne7 21. Rc1 f5 22.
exf5 Nxf5 23. Bg2 h6 24. Ne4 Nf6 25. Qd3 Nxe4 26. Rxe4 Ne7 27. Re2 Bf5 28. Qd2
Bg6 29. Nh4 Bh5 30. g4 Bg6 31. c4 bxc4 32. Rxc4 b5 33. Rce4 Bxe4 34. Bxe4 Qb6
35. Bb1 Rf6 36. Qc2 Kf7 37. Kg2 Qd4 38. f3 Rc8 39. Qe4 Qxe4 40. Bxe4 Rc4 41.
Rb2 g5 42. Nf5 Nxf5 43. gxf5 Kg7 44. Kg3 Rf7 45. Kg4 Rfc7 46. h4 gxh4 47. Kh5
h3 48. Kh4 Kf6 49. Kxh3 Rg7 50. Kh2 Rc1 51. Rc2 Rxc2+ 52. Bxc2 Rc7 0-1

[Event "Cto Aragon Equipos 2016 D Honor Gr II"]
[Site "Aragon"]
[Date "2016.02.20"]
[Round "4.15"]
[White "Cerrajeria Ruiz, Jesus Maria"]
[Black "Neila Castillo, Miguel Angel"]
[Result "1-0"]
[WhiteElo "2210"]
[BlackElo "2090"]
[PlyCount "105"]
[EventDate "2016.??.??"]
[WhiteTeam "Helios"]
[BlackTeam "Delicias"]

1. g3 e5 2. Bg2 d5 3. c4 d4 4. d3 c5 5. b4 cxb4 6. Nf3 Nc6 7. O-O Nf6 8. a3
bxa3 9. Qa4 Bd7 10. Bxa3 Bxa3 11. Qxa3 Qe7 12. Nbd2 Qxa3 13. Rxa3 O-O 14. Rb1
Rab8 15. Ng5 h6 16. Nge4 Nxe4 17. Bxe4 b6 18. Bd5 a5 19. Bxc6 Bxc6 20. Rab3 a4
21. Rxb6 Rxb6 22. Rxb6 Rc8 23. Ra6 Kf8 24. f4 f6 25. Kf2 exf4 26. gxf4 Ke7 27.
Nf3 Bd7 28. Nxd4 Rc5 29. Ra7 Rh5 30. Kg3 Rh3+ 31. Kg2 Rh5 32. e4 Kd6 33. f5
Rg5+ 34. Kf2 Rh5 35. c5+ Kxc5 36. Rxd7 Rxh2+ 37. Ke3 a3 38. Ne6+ Kb4 39. Rb7+
Kc3 40. Nxg7 a2 41. Ra7 Rh3+ 42. Kf4 Kb2 43. Rxa2+ Kxa2 44. d4 Kb3 45. e5 Rh4+
46. Ke3 fxe5 47. dxe5 Kc4 48. f6 Rh3+ 49. Kf2 Rh2+ 50. Kg3 Rh1 51. e6 Kd5 52.
e7 Re1 53. f7 1-0

[Event "Cto Aragon Equipos 2016 D Honor Gr II"]
[Site "Aragon"]
[Date "2016.02.20"]
[Round "4.16"]
[White "Lamas Mercadal, Manuel"]
[Black "Navarro Alonso, Jorge"]
[Result "1/2-1/2"]
[WhiteElo "2084"]
[BlackElo "2182"]
[PlyCount "74"]
[EventDate "2016.??.??"]
[WhiteTeam "Delicias"]
[BlackTeam "Helios"]

1. e4 c5 2. Nc3 e6 3. f4 d5 4. Nf3 dxe4 5. Nxe4 Nf6 6. Nxf6+ Qxf6 7. g3 Nc6 8.
Bg2 Bd6 9. Ng5 O-O 10. O-O Qe7 11. d3 h6 12. Ne4 b6 13. c3 f5 14. Nd2 Bb7 15.
Re1 Rad8 16. Qe2 Rfe8 17. Nc4 Bb8 18. Be3 b5 19. Na3 a6 20. Rad1 e5 21. Qf2 Bd6
22. Nb1 Qc7 23. Bxc5 exf4 24. Rxe8+ Rxe8 25. Bxd6 Qxd6 26. gxf4 Re6 27. d4 Rg6
28. Kf1 Rg4 29. Nd2 Rxf4 30. Nf3 g5 31. Qe3 g4 32. Qe8+ Kg7 33. Re1 gxf3 34.
Bh3 Re4 35. Rxe4 fxe4 36. Qxe4 Qxh2 37. Qg4+ Kf6 1/2-1/2

[Event "Cto de Aragón Eq Fase II"]
[Site "Aragón"]
[Date "2016.02.20"]
[Round "4.17"]
[White "Cebrian Valverde, Jose Antonio"]
[Black "Baron Rodriguez, Jesus"]
[Result "0-1"]
[WhiteElo "2144"]
[BlackElo "2439"]
[PlyCount "102"]
[EventDate "2016.??.??"]
[WhiteTeam "San Jose"]
[BlackTeam "Ibercaja A"]

1. d4 d5 2. Nf3 Bf5 3. c4 e6 4. Nc3 c6 5. e3 Nd7 6. Bd3 Bg6 7. O-O Ngf6 8. Bxg6
hxg6 9. Qd3 Bb4 10. Bd2 Be7 11. Rfe1 O-O 12. e4 dxe4 13. Nxe4 Nxe4 14. Qxe4 Re8
15. Rad1 Qb6 16. Bc3 a5 17. Rd3 Bf6 18. Qg4 Qa6 19. b3 b5 20. Ng5 bxc4 21. Rh3
cxb3 22. Qh4 Kf8 23. d5 cxd5 24. Bb4+ axb4 25. Qxb4+ Kg8 26. Qh4 Kf8 27. Qb4+
Nc5 28. Nh7+ Ke7 29. Nxf6 gxf6 30. Qxc5+ Qd6 31. Qxd6+ Kxd6 32. axb3 e5 33. g4
d4 34. Rf3 Re6 35. h4 Kd5 36. h5 gxh5 37. gxh5 Rh8 38. Rh3 f5 39. Ra1 Rb6 40.
Ra5+ Ke4 41. Kf1 Rbh6 42. Ra7 Rxh5 43. Rxh5 Rxh5 44. Rxf7 Kf3 45. Ke1 f4 46.
Re7 e4 47. Kd2 Rh2 48. Ke1 Rh1+ 49. Kd2 e3+ 50. fxe3 dxe3+ 51. Kc2 e2 0-1

[Event "Cto de Aragón Eq Fase II"]
[Site "Aragón"]
[Date "2016.02.20"]
[Round "4.18"]
[White "Gines Esteo, Pedro Antonio"]
[Black "Gimeno Oteo, Marco Antonio"]
[Result "1-0"]
[WhiteElo "2192"]
[BlackElo "2070"]
[PlyCount "111"]
[EventDate "2016.??.??"]
[WhiteTeam "Ibercaja A"]
[BlackTeam "San Jose"]

1. d4 Nf6 2. Nf3 g6 3. c4 Bg7 4. Nc3 O-O 5. e4 d6 6. Be3 c6 7. h3 a6 8. Qc2 b5
9. Bd3 bxc4 10. Bxc4 d5 11. Bd3 dxe4 12. Nxe4 Nd5 13. Bd2 Qb6 14. O-O Nd7 15.
Qa4 Bb7 16. Ba5 Qa7 17. Rfe1 Rac8 18. Rac1 Nf4 19. Bf1 Ne6 20. Red1 Nb6 21. Qa3
Nd5 22. Nc5 Nxc5 23. Qxc5 Qb8 24. Rd3 Qf4 25. Bd2 Qd6 26. Rb3 Rb8 27. Ba5 Bh6
28. Rc2 Qxc5 29. Rxc5 Bf4 30. Ne5 Bxe5 31. dxe5 Rfc8 32. e6 fxe6 33. Be2 Kf7
34. Bg4 Ba8 35. Rf3+ Nf6 36. Re5 c5 37. Bxe6+ Kf8 38. Rf4 Rc6 39. Bd5 Rd6 40.
Bc7 Rxd5 41. Rxd5 Bxd5 42. Bxb8 Bxa2 43. Be5 Kf7 44. Bxf6 exf6 45. Ra4 Be6 46.
Rxa6 g5 47. Rc6 c4 48. Rc7+ Kg6 49. Kf1 h5 50. Ke2 h4 51. Ke3 f5 52. Kd4 Kf6
53. Rc6 g4 54. Rxe6+ Kxe6 55. Kxc4 f4 56. f3 1-0

[Event "Cto de Aragón Eq Fase II"]
[Site "Aragón"]
[Date "2016.02.20"]
[Round "4.19"]
[White "Ferreruela Romero, Jose Joaqui"]
[Black "Eizaguerri Floris, Maria"]
[Result "1-0"]
[WhiteElo "2000"]
[BlackElo "1906"]
[PlyCount "112"]
[EventDate "2016.??.??"]
[WhiteTeam "San Jose"]
[BlackTeam "Ibercaja A"]

1. d4 d5 2. c4 e6 3. Nc3 Nf6 4. Bg5 Bb4 5. cxd5 exd5 6. e3 h6 7. Bxf6 Qxf6 8.
Qa4+ Nc6 9. Qc2 O-O 10. a3 Bxc3+ 11. Qxc3 Re8 12. Rd1 Bf5 13. Bb5 Re6 14. Ne2
Qg5 15. Ng3 Bg4 16. Rd2 Rae8 17. O-O h5 18. Be2 h4 19. Bxg4 Qxg4 20. h3 Qg5 21.
Ne2 Qf5 22. Qc2 Qg5 23. b4 Re4 24. Kh1 a6 25. Qc5 Rd8 26. a4 Rd7 27. b5 axb5
28. Qxb5 Qf6 29. Nc3 Re6 30. Nxd5 Qh6 31. Nf4 Red6 32. Qxb7 g5 33. Ne2 Qe6 34.
Rc2 g4 35. Nf4 Qe4 36. Rc5 gxh3 37. Rg5+ Kh7 38. Qb1 hxg2+ 39. Nxg2 Qxb1 40.
Rxb1 Rf6 41. Rc5 h3 42. Nf4 Nxd4 43. Nh5 Rxf2 44. exd4 Rxd4 45. Ng3 Rdd2 46.
Rh5+ Kg6 47. Rxh3 Ra2 48. Rg1 Rfc2 49. Ne2+ Kf6 50. Nc3 Rab2 51. a5 Ke5 52. a6
Rb8 53. a7 Ra8 54. Ra1 Rb2 55. Nb5 Rc2 56. Rb3 f5 1-0

[Event "Cto de Aragón Eq Fase II"]
[Site "Aragón"]
[Date "2016.02.20"]
[Round "4.20"]
[White "Torcal Miguel, Oscar"]
[Black "Palomar Ramon, Santiago"]
[Result "0-1"]
[WhiteElo "1902"]
[BlackElo "1980"]
[PlyCount "74"]
[EventDate "2016.??.??"]
[WhiteTeam "Ibercaja A"]
[BlackTeam "San Jose"]

1. e4 e5 2. Nf3 Nc6 3. Bc4 Bc5 4. c3 Nf6 5. d3 O-O 6. Nbd2 d5 7. Bb3 dxe4 8.
dxe4 Qe7 9. Qe2 Nh5 10. Nf1 Nf4 11. Bxf4 exf4 12. N1d2 Bg4 13. O-O Ne5 14. h3
Bh5 15. Bd1 Rad8 16. Qb5 c6 17. Qb3 Nd3 18. Bc2 Nxf2 19. Rxf2 Bxf2+ 20. Kxf2
Qc5+ 21. Kf1 Rxd2 22. Nxd2 Rd8 23. Nc4 b5 24. Qb4 Qg5 25. Nd6 f3 26. gxf3 Bxf3
27. Kf2 Qg2+ 28. Ke3 Qe2+ 29. Kf4 Bh5 30. Bd1 Qh2+ 31. Ke3 Qg3+ 32. Kd2 Rxd6+
33. Kc2 Qf2+ 34. Kb3 Bxd1+ 35. Ka3 Rd8 36. Qe7 Qd2 37. Qc7 Qd6+ 0-1

[Event "Cto de Aragón Eq Fase II"]
[Site "Aragón"]
[Date "2016.02.20"]
[Round "4.21"]
[White "Gracia Campo, Carlos Alberto"]
[Black "Forcen Esteban, Daniel"]
[Result "0-1"]
[WhiteElo "2084"]
[BlackElo "2555"]
[PlyCount "56"]
[EventDate "2016.??.??"]
[WhiteTeam "El Olivar B"]
[BlackTeam "Jaime Casas A"]

1. e4 c5 2. Nf3 Nc6 3. d4 cxd4 4. Nxd4 g6 5. Nc3 Bg7 6. Be3 Nf6 7. Be2 O-O 8.
O-O d6 9. f4 Qb6 10. Qd3 Qxb2 11. Nb3 Qa3 12. Bc1 Qb4 13. Be3 Bg4 14. Bxg4 Nxg4
15. Nd5 Qa4 16. Rae1 Nxe3 17. Rxe3 e6 18. Nc3 Qb4 19. Nb5 Rfd8 20. a3 Qa4 21.
Nxd6 Qxa3 22. e5 Bf8 23. Rd1 Nb4 24. Qe4 Bxd6 25. exd6 Nd5 26. Red3 Qxd6 27. c4
Qb6+ 28. Kh1 Nc3 0-1

[Event "Cto de Aragón Eq Fase II"]
[Site "Aragón"]
[Date "2016.02.20"]
[Round "4.22"]
[White "Antoli Royo, Joaquin Miguel"]
[Black "Veras Sanz, Marino"]
[Result "1-0"]
[WhiteElo "2449"]
[BlackElo "2057"]
[PlyCount "69"]
[EventDate "2016.??.??"]
[WhiteTeam "Jaime Casas A"]
[BlackTeam "El Olivar B"]

1. e4 c5 2. c3 b6 3. d4 Bb7 4. Bd3 Nf6 5. Qe2 cxd4 6. cxd4 Nc6 7. Nf3 Nb4 8.
Nc3 Nxd3+ 9. Qxd3 e6 10. O-O Be7 11. d5 exd5 12. exd5 d6 13. Nd4 O-O 14. Nf5
Bc8 15. Nxe7+ Qxe7 16. Bg5 Qe5 17. f4 Qf5 18. Qxf5 Bxf5 19. Bxf6 gxf6 20. Rfe1
a6 21. Kf2 h5 22. Ne2 Rac8 23. Ng3 Bg6 24. h4 Rc2+ 25. Re2 Rfc8 26. f5 Rxe2+
27. Kxe2 Rc2+ 28. Kf3 Bh7 29. Re1 Rxb2 30. Re8+ Kg7 31. Nxh5+ Kh6 32. g4 Bxf5
33. gxf5 Kh7 34. Re2 Rb4 35. Nxf6+ 1-0

[Event "Cto de Aragón Eq Fase II"]
[Site "Aragón"]
[Date "2016.02.20"]
[Round "4.24"]
[White "Maza Broto, Pablo"]
[Black "Arinez Bruna, Octavio"]
[Result "1/2-1/2"]
[WhiteElo "2082"]
[BlackElo "1937"]
[PlyCount "56"]
[EventDate "2016.??.??"]
[WhiteTeam "Jaime Casas A"]
[BlackTeam "El Olivar B"]

1. c4 e5 2. Nc3 Nc6 3. g3 f5 4. Bg2 Nf6 5. d3 Bb4 6. Bd2 Bxc3 7. Bxc3 Qe7 8. e3
O-O 9. Ne2 d6 10. O-O Be6 11. Qb3 Nd8 12. d4 e4 13. d5 Bd7 14. Rfd1 b6 15. Nd4
Nb7 16. Qc2 Nc5 17. Bf1 a5 18. Nb5 Bxb5 19. cxb5 Ng4 20. Rac1 Ne5 21. Bxe5 Qxe5
22. Qc3 Qxc3 23. Rxc3 g5 24. b3 f4 25. exf4 gxf4 26. Rd4 Rae8 27. gxf4 Rxf4 28.
Bh3 Ref8 1/2-1/2

[Event "Cto de Aragón Eq Fase II"]
[Site "Aragón"]
[Date "2016.02.20"]
[Round "4.26"]
[White "Solano Lasierra, Javier"]
[Black "Gimenez Martinez, Alberto"]
[Result "1-0"]
[WhiteElo "2117"]
[BlackElo "2184"]
[PlyCount "117"]
[EventDate "2016.??.??"]
[WhiteTeam "L'Aurora Estadilla A"]
[BlackTeam "St. Casablanca B"]

1. d4 Nf6 2. Nf3 d5 3. c4 e6 4. Nc3 Be7 5. Bg5 h6 6. Bh4 O-O 7. e3 b6 8. cxd5
Nxd5 9. Bxe7 Qxe7 10. Nxd5 exd5 11. Rc1 Be6 12. Qa4 c5 13. Qa3 Rc8 14. Bb5 Rc7
15. dxc5 bxc5 16. O-O a6 17. Ba4 Nd7 18. Bxd7 Bxd7 19. Rfd1 Be6 20. Rd2 Qd6 21.
h3 Rac8 22. Rdc2 Qb6 23. Rd2 a5 24. Qd3 Qb4 25. a3 Qa4 26. Rdc2 g6 27. Nd4 Kh7
28. Nxe6 fxe6 29. Qc3 c4 30. e4 Rf7 31. Qe5 Qd7 32. Rd1 Qb7 33. Qxe6 dxe4 34.
Rcd2 Rcc7 35. Rd6 Rg7 36. Rd8 Rce7 37. Qf6 Ref7 38. Qd4 Qa7 39. Qxa7 Rxa7 40.
R1d4 Rgc7 41. Rxe4 Rab7 42. Rdd4 Rxb2 43. Rxc4 Rxc4 44. Rxc4 Rb5 45. Rc7+ Kg8
46. Ra7 Rc5 47. Kh2 g5 48. f3 h5 49. Kg3 Kh8 50. h4 gxh4+ 51. Kxh4 Kg8 52. g4
hxg4 53. Kxg4 Kf8 54. f4 Kg8 55. f5 Kf8 56. Kg5 Rb5 57. Kg6 Rb6+ 58. f6 Rb8 59.
Rh7 1-0

[Event "Cto de Aragón Eq Fase II"]
[Site "Aragón"]
[Date "2016.02.20"]
[Round "4.27"]
[White "Labena Bernal, Antonio"]
[Black "Pellicer Cerezuela, Miguel"]
[Result "1/2-1/2"]
[WhiteElo "2109"]
[BlackElo "2048"]
[PlyCount "91"]
[EventDate "2016.??.??"]
[WhiteTeam "St. Casablanca B"]
[BlackTeam "L'Aurora Estadilla A"]

1. e4 e6 2. d4 d5 3. Nd2 c5 4. exd5 exd5 5. Ngf3 Nf6 6. c3 Be7 7. dxc5 Bxc5 8.
Nb3 Be7 9. Bb5+ Nbd7 10. O-O O-O 11. Re1 a6 12. Bd3 Nc5 13. Nxc5 Bxc5 14. h3 b5
15. Bg5 Qb6 16. Qd2 Ne4 17. Bxe4 dxe4 18. Nd4 Qg6 19. Kh1 Bb7 20. Be3 Rad8 21.
b4 Bxd4 22. cxd4 f5 23. Rg1 Qd6 24. g3 f4 25. gxf4 Rxf4 26. Rg3 Rf3 27. Rag1 g6
28. Kg2 Rdf8 29. a3 Bd5 30. Rxf3 Rxf3 31. Rh1 Bc4 32. Qc2 Qd5 33. a4 Qf5 34.
axb5 axb5 35. d5 Bxd5 36. Qc5 Be6 37. Qxf5 gxf5 38. h4 f4 39. Bc5 Bd5 40. Rd1
Rd3 41. Rxd3 exd3+ 42. Kf1 Kf7 43. h5 Ke6 44. h6 Kf5 45. Ke1 Ke4 46. Kd2
1/2-1/2

[Event "Cto de Aragón Eq Fase II"]
[Site "Aragón"]
[Date "2016.02.20"]
[Round "4.28"]
[White "Cid Royo, Oscar"]
[Black "Bellosta Lopez, Pablo"]
[Result "0-1"]
[WhiteElo "2040"]
[BlackElo "2071"]
[PlyCount "120"]
[EventDate "2016.??.??"]
[WhiteTeam "L'Aurora Estadilla A"]
[BlackTeam "St. Casablanca B"]

1. d4 d5 2. Nf3 c6 3. g3 Nf6 4. Bg2 Bf5 5. O-O e6 6. b3 Be7 7. Bb2 O-O 8. Nbd2
h6 9. c4 Nbd7 10. Ne5 Nxe5 11. dxe5 Ne8 12. cxd5 exd5 13. e4 dxe4 14. Nxe4 Nc7
15. Nd6 Bxd6 16. exd6 Ne8 17. Ba3 Qd7 18. Re1 Be6 19. Qd4 Nf6 20. Bb2 Rfe8 21.
Rad1 a6 22. Re3 Bg4 23. Rde1 Rxe3 24. Rxe3 Re8 25. Qf4 Rxe3 26. fxe3 Ne8 27.
Ba3 Be6 28. Qd4 f5 29. e4 fxe4 30. Bxe4 Nf6 31. Bf3 Qd8 32. Qe5 Bd7 33. Be2 Qe8
34. Bc4+ Kf8 35. Be6 b6 36. Qf5 c5 37. Bxd7 Qxd7 38. Qf4 Qg4 39. Qxg4 Nxg4 40.
b4 cxb4 41. Bxb4 Ke8 42. Kg2 Kd7 43. Kf3 Nxh2+ 44. Kf4 h5 45. Kg5 Nf1 46. Kxh5
Nxg3+ 47. Kg6 Ne4 48. Kxg7 a5 49. Be1 Kxd6 50. Kf7 Nc5 51. Ke8 Nd3 52. Bg3+ Kc6
53. Ke7 Nb4 54. a3 Nc2 55. Bd6 Ne3 56. Ke6 Nc4 57. Be7 b5 58. Bf8 Nxa3 59. Bxa3
b4 60. Bb2 Kc5 0-1

[Event "Cto de Aragón Eq Fase II"]
[Site "Aragón"]
[Date "2016.02.20"]
[Round "4.29"]
[White "Colas Longares, Rafael P"]
[Black "Lana Rodriguez, David"]
[Result "1/2-1/2"]
[WhiteElo "2310"]
[BlackElo "2260"]
[PlyCount "31"]
[EventDate "2016.??.??"]
[WhiteTeam "Caissa Hnos. Cortes"]
[BlackTeam "Agrupacion A"]

1. e4 e6 2. d4 b6 3. Nf3 Bb7 4. Bd3 Nf6 5. Qe2 d5 6. e5 Nfd7 7. O-O c5 8. c3
Be7 9. Re1 Nc6 10. a3 g5 11. Be3 h5 12. Rf1 Qc7 13. Nbd2 g4 14. Ne1 O-O-O 15.
f4 f5 16. b3 1/2-1/2

[Event "Cto de Aragón Eq Fase II"]
[Site "Aragón"]
[Date "2016.02.20"]
[Round "4.30"]
[White "Ramon Perez, Jose Luis"]
[Black "Garcia Vicente, Nieves"]
[Result "1-0"]
[WhiteElo "2238"]
[BlackElo "2171"]
[PlyCount "51"]
[EventDate "2016.??.??"]
[WhiteTeam "Agrupacion A"]
[BlackTeam "Caissa Hnos. Cortes"]

1. e4 e5 2. f4 exf4 3. Nf3 d6 4. d4 g5 5. g3 h6 6. Nc3 Bg7 7. gxf4 g4 8. Rg1
Nc6 9. Be3 Kf8 10. d5 Nce7 11. Nd4 Nf6 12. Qd3 a6 13. O-O-O h5 14. Kb1 Nd7 15.
h3 Nc5 16. Qd2 b5 17. a3 Bd7 18. f5 Ng8 19. hxg4 hxg4 20. Rxg4 Nf6 21. Rxg7
Kxg7 22. e5 dxe5 23. Qg2+ Kf8 24. Nc6 Rg8 25. Bxc5+ Ke8 26. Qe2 1-0

[Event "Cto de Aragón Eq Fase II"]
[Site "Aragón"]
[Date "2016.02.20"]
[Round "4.31"]
[White "Vera Aranjuelo, Jesus Maria"]
[Black "Remiro Juste, Fernando Jose"]
[Result "1-0"]
[WhiteElo "2008"]
[BlackElo "2231"]
[PlyCount "61"]
[EventDate "2016.??.??"]
[WhiteTeam "Caissa Hnos. Cortes"]
[BlackTeam "Agrupacion A"]

1. d4 g6 2. Nf3 Bg7 3. Bf4 d6 4. e3 Nd7 5. h3 h6 6. Bh2 c6 7. c4 e5 8. Nc3 Qe7
9. Rc1 f5 10. Be2 e4 11. Nd2 Ngf6 12. b4 O-O 13. c5 Ne8 14. Nc4 d5 15. Nd6 Qg5
16. O-O Nxd6 17. Bxd6 Rf7 18. b5 Nf8 19. bxc6 bxc6 20. Qa4 Bd7 21. Rb1 Ne6 22.
Rb7 f4 23. Rxd7 f3 24. Bg3 Nxc5 25. Qxc6 Rxd7 26. Qxa8+ Rd8 27. Qxa7 Ne6 28.
gxf3 Qf5 29. fxe4 Qxh3 30. Nxd5 Ng5 31. Nf4 1-0

[Event "Cto de Aragón Eq Fase II"]
[Site "Aragón"]
[Date "2016.02.20"]
[Round "4.32"]
[White "Carruez Berges, Santiago"]
[Black "Carraminana Lopez, Luis Antoni"]
[Result "1-0"]
[WhiteElo "2046"]
[BlackElo "1928"]
[PlyCount "127"]
[EventDate "2016.??.??"]
[WhiteTeam "Agrupacion A"]
[BlackTeam "Caissa Hnos. Cortes"]

1. e4 d6 2. d4 Nf6 3. Nc3 Nbd7 4. Bc4 e5 5. Be3 c6 6. f3 b5 7. Bb3 Bb7 8. a3
Be7 9. Nge2 O-O 10. O-O a6 11. Qe1 Qc7 12. Qf2 c5 13. dxe5 dxe5 14. Nd5 Nxd5
15. Bxd5 Bxd5 16. exd5 Bd6 17. Rad1 f5 18. f4 Rae8 19. fxe5 Bxe5 20. Bf4 Qd6
21. b3 Nf6 22. c4 Ng4 23. Qg3 Bxf4 24. Rxf4 Rxe2 25. Rxg4 Qxg3 26. Rxg3 bxc4
27. bxc4 Rc2 28. d6 Rxc4 29. d7 Rd4 30. Rxd4 cxd4 31. Rd3 Kf7 32. Rxd4 Ke7 33.
Rb4 Rd8 34. Rb6 Rxd7 35. Rxa6 Rd2 36. h3 Ra2 37. Ra4 Kf6 38. Kh2 g6 39. h4 h6
40. Ra6+ Kg7 41. Kg3 g5 42. h5 Rb2 43. a4 Rb4 44. a5 Ra4 45. Rg6+ Kh7 46. a6
Ra3+ 47. Kf2 Ra2+ 48. Kg1 Ra1+ 49. Kh2 Ra2 50. Rb6 Kg7 51. Rg6+ Kh7 52. Kg1
Ra1+ 53. Kf2 Ra2+ 54. Ke3 Rxg2 55. Rb6 Kg7 56. Kd4 Ra2 57. Ke5 Ra4 58. Ke6 f4
59. Rb7+ Kg8 60. a7 g4 61. Rb8+ Kg7 62. a8=Q Rxa8 63. Rxa8 f3 64. Ra4 1-0